000 00467nam a2200193Ia 4500
003 STCL
008 221019s9999 xx 000 0 und d
020 _a9781107536173
040 _aSTCL
_cSTCL
_bEN
082 _222
100 _aBasu, Mahua
100 _aXavier, S
245 0 _aFundamentals of environmental studies
260 _bCambridge University Press
_aNew Delhi
_c2020
300 _a450 p
365 _b500
546 _aEnglish
942 _cBK
_2DDC
_e22
999 _c88304
_d88304